Helyes irányt adni az Ifjú Sziveknek! reakció az "Egy szegény időszak tablóképe" című riportra

Bibliographic Details
Main Author: Katona, István (Author)
Format: Article
Language:Hungarian
Subjects:

MARC

LEADER 00000nab a2200000 a 4500
001 vtls000694354
003 SK-MaSNL
005 20260318124405.0
008 160405c1999 xo 0 hun
015 |a SNBRB1999/05-13658 
035 |a CLN000046521 
040 |a SNKBUCL  |b slo  |c SNKBUCL  |e AACR2 
041 0 |a hun 
044 |a xo  |c SK 
080 |a 793.31:784.4  |2 1997 
080 |a 784.4  |2 1997 
100 1 |a Katona, István  |4 aut  |9 363539 
245 1 0 |a Helyes irányt adni az Ifjú Sziveknek!  |b reakció az "Egy szegény időszak tablóképe" című riportra  |c Katona István 
500 |a Reakcia na článok Egy szegény időszak tablóképe / Varga Emese: Új Szó - Roč. 52, č. 101 (4.5.1999), s. 10 
610 7 |a Mladé srdcia (folklórny súbor : Bratislava, Slovensko)  |2 snkbucl  |9 834232 
651 7 |a Bratislava (Slovensko)  |2 snkbucl  |9 14568 
655 7 |a články z novín a časopisov  |2 snkbucl  |9 267496 
773 0 |t Új szó  |g Roč. 52, č. 106 (11.5.1999), s. 10 
850 |a Slovenská národná knižnica v Martine 
852 |a SNK  |b KIS3GCP 
958 |a HU 
958 |a SK 
958 |a RBX 
999 |c 2549430  |d 2551360